| 000 -CABECERA |
| campo de control de longitud fija |
01775nam a22002417a 4500 |
| 003 - IDENTIFICADOR DEL NÚMERO DE CONTROL |
| campo de control |
OSt |
| 005 - FECHA Y HORA DE LA ÚLTIMA TRANSACCIÓN |
| campo de control |
20250319210639.0 |
| 008 - DATOS DE LONGITUD FIJA--INFORMACIÓN GENERAL |
| campo de control de longitud fija |
250319b ||||| |||| 00| 0 spa d |
| 020 ## - NÚMERO INTERNACIONAL ESTÁNDAR DEL LIBRO |
| Número Internacional Estándar del Libro |
9788419651464 |
| 040 ## - FUENTE DE LA CATALOGACIÓN |
| Centro/agencia transcriptor |
CO-Mq BPB |
| 041 ## - CÓDIGO DE LENGUA |
| Código de lengua del texto/banda sonora o título independiente |
spa |
| 082 ## - NÚMERO DE LA CLASIFICACIÓN DECIMAL DEWEY |
| Número de clasificación |
AN |
| Número de documento/Ítem |
WOOs |
| 100 ## - ENTRADA PRINCIPAL--NOMBRE DE PERSONA |
| Nombre de persona |
Woolf, Virginia |
| Fechas asociadas al nombre |
1882-1941 |
| Término indicativo de función/relación |
autor |
| 245 ## - MENCIÓN DE TÍTULO |
| Título |
Virginia Woolf; |
| Resto del título |
Obras Selectas |
| 264 ## - PRODUCCIÓN, PUBLICACIÓN, DISTRIBUCIÓN, FABRICACIÓN Y COPYRIGHT |
| Producción, publicación, distribución, fabricación y copyright |
Barcelona, España; |
| Nombre del de productor, editor, distribuidor, fabricante |
Plutón Ediciones, |
| Fecha de producción, publicación, distribución, fabricación o copyright |
2023 |
| 300 ## - DESCRIPCIÓN FÍSICA |
| Extensión |
1005 páginas; |
| Otras características físicas |
Tapa dura |
| Dimensiones |
23 cm |
| 490 ## - MENCIÓN DE SERIE |
| Mención de serie |
Colección Oro |
| 521 ## - NOTA DE PÚBLICO DESTINATARIO |
| Nota de público destinatario |
Virginia Woolf (1882-1941) fue una prolífica escritora inglesa que dominó diversos géneros literarios, tales como la novela, los cuentos y el ensayo. Considerada una de las figuras más destacadas del movimiento vanguardista del modernismo anglosajón, Virginia Woolf fue también una consolidada feminista que abogó por los derechos de las mujeres y la sexualidad femenina, sirviéndose de su obra para hablar de temas como el lesbianismo y las dinámicas sociales, de clase y de género. A pesar de contar con el apoyo de su marido, su vida no estuvo exenta de sufrimiento. Padecía de depresión y lo que hoy conocemos como trastorno bipolar. Estas afecciones afectarían gravemente a su salud, impidiéndole, por épocas, poder dedicarse a escribir y serían las que la llevarían a una muerte prematura en 1941. En este volumen incluimos las que, para nosotros, son sus mejores obras y las que definen mejor a Virginia Woolf como autora: las novelas "Fin de Viaje" (1915), "La señora Dalloway" (1925), "Al faro" (1927), "Orlando" (1928) y "Las olas" (1931), y el ensayo "Una habitación propia" (1929). |
| 650 ## - PUNTO DE ACCESO ADICIONAL DE MATERIA--TÉRMINO DE MATERIA |
| Término de materia o nombre geográfico como elemento de entrada |
Literatura adulto |
| 650 ## - PUNTO DE ACCESO ADICIONAL DE MATERIA--TÉRMINO DE MATERIA |
| Término de materia o nombre geográfico como elemento de entrada |
Mejores obras |
| 650 ## - PUNTO DE ACCESO ADICIONAL DE MATERIA--TÉRMINO DE MATERIA |
| Término de materia o nombre geográfico como elemento de entrada |
Dinámicas sociales de clase y de género |
| 942 ## - ELEMENTOS DE PUNTO DE ACCESO ADICIONAL (KOHA) |
| Fuente del sistema de clasificación o colocación |
|
| Tipo de ítem Koha |
Libro Literatura |